Czy znasz grupy ligi mistrzów sezonu 2018/19? - Statystyki

Ogólne statystyki
  • Ten quiz został rozwiązany 222 razy
  • Średni wynik to 14 z 32
Statystyki odpowiedzi
Grupa i miejsce Drużyna % Poprawnych
A. 1. Borussia Dortmund
79%
A. 2. Atletico Madryt
73%
B. 1. Fc Barcelona
62%
H. 1. Juventus
62%
C. 2. Liverpool
62%
C. 1. PSG
62%
B. 2. Tottenham
61%
H. 2. Manchester United
57%
C. 3. Napoli
57%
G. 1. Real Madryt
57%
F. 1. Manchester City
54%
E. 1. Bayern Monachium
51%
B. 3. Inter Mediolan
51%
E. 2. Ajax Amsterdam
49%
H. 3. Valencia
47%
A. 4. As Monaco
46%
G. 2. As Roma
45%
C. 4. Crvena Zvezda
41%
H. 4. Young Boys
40%
D. 1. Fc Porto
39%
E. 3. Benfica
38%
B. 4. PSV Eindhoven
37%
G. 4. CSKA Moskwa
33%
D. 2. Schalke
33%
F. 2. Olympique Lyon
32%
F. 3. Szachtar
29%
G. 3. Viktoria Pilzno
29%
F. 4. Hoffenheim
28%
E. 4. AEK Ateny
27%
D. 3. Galatasaray
26%
D. 4. Lokomotiw
24%
A. 3. Fc Brugge
4%
Nie znaleziono quizów pasujących do podanych kryteriów
Rozkład punktacji
Procent ludzi z każdym wynikiem
Percentyl według liczby udzielonych odpowiedzi
Twoja historia wyników
Nie rozwiązałeś tego quizu